|
|
|
|
| LEADER |
01791cas a2200241 a 4500 |
| 001 |
AALejournalIMF008878 |
| 008 |
230101c9999 xx r poo 0 0eng d |
| 020 |
|
|
|c 5.00 USD
|
| 020 |
|
|
|z 9781451861938
|
| 022 |
|
|
|a 1018-5941
|
| 040 |
|
|
|a BD-DhAAL
|c BD-DhAAL
|
| 100 |
1 |
|
|a Krichene, Noureddine.
|
| 245 |
1 |
0 |
|a Subordinated Levy Processes and Applications to Crude Oil Options /
|c Noureddine Krichene.
|
| 264 |
|
1 |
|a Washington, D.C. :
|b International Monetary Fund,
|c 2005.
|
| 300 |
|
|
|a 1 online resource (26 pages)
|
| 490 |
1 |
|
|a IMF Working Papers
|
| 500 |
|
|
|a <strong>Off-Campus Access:</strong> No User ID or Password Required
|
| 500 |
|
|
|a <strong>On-Campus Access:</strong> No User ID or Password Required
|
| 506 |
|
|
|a Electronic access restricted to authorized BRAC University faculty, staff and students
|
| 520 |
3 |
|
|a One approach to oil markets is to treat oil as an asset, besides its role as a commodity. Speculative and nonspeculative activity by investors in the derivatives markets could be responsible for a sizable increase in oil prices. This paper recognizes both the consumption and investment aspects of crude oil and proposes Levy processes for modeling uncertainty and options pricing. Calibration to crude oil futures' options shows high volatility of oil futures prices, fat-tailed, and right-skewed market expectations, implying a higher probability mass on crude oil prices remaining above the futures' level. These findings support the view that demand for futures contracts by investors could lead to excessively high price volatility.
|
| 538 |
|
|
|a Mode of access: Internet
|
| 830 |
|
0 |
|a IMF Working Papers; Working Paper ;
|v No. 2005/174
|
| 856 |
4 |
0 |
|z Full text available on IMF
|u http://elibrary.imf.org/view/journals/001/2005/174/001.2005.issue-174-en.xml
|z IMF e-Library
|